<?xml version="1.0" encoding="UTF-8"?>
<marc:record xmlns:marc="http://www.loc.gov/MARC21/slim">
   <marc:leader>00000nam a2200000 a 4500</marc:leader>
   <marc:datafield ind1="1" ind2=" " tag="100">
      <marc:subfield code="a">Vogel, Heike</marc:subfield>
      <marc:subfield code="4">aut</marc:subfield>
      <marc:subfield code="e">Verfasser/-in</marc:subfield>
   </marc:datafield>
   <marc:datafield ind1="0" ind2="0" tag="245">
      <marc:subfield code="a">Meine ganze Welt</marc:subfield>
   </marc:datafield>
   <marc:datafield ind1=" " ind2="1" tag="264">
      <marc:subfield code="b">arsEdition</marc:subfield>
      <marc:subfield code="c">2021</marc:subfield>
   </marc:datafield>
   <marc:datafield ind1="1" ind2=" " tag="520">
      <marc:subfield code="a">Kennst du das? Schau mal! Was kannst du im Kinderzimmer spielen? Was gibt es auf dem Spielplatz? Dieses Pappebuch ab 6 Monaten zeigt die Welt der Allerkleinsten. Der Clou dabei: Die Seiten werden immer größer und schließen mit kunterbunten, schrägen Rändern ab, sodass das eigenständige Blättern zum Kinderspiel wird</marc:subfield>
   </marc:datafield>
   <marc:datafield ind1=" " ind2=" " tag="020">
      <marc:subfield code="a">9783845840857</marc:subfield>
      <marc:subfield code="9">9783845840857</marc:subfield>
   </marc:datafield>
</marc:record>
